000 00572nam a2200193Ia 4500
001 23721
003 GE_BSU
008 181216s||||||||xx |||||||||||||| ||und||
040 _cGE_BSU
245 _aГеоморфология. №3 июль- сентябрь 2018.
245 _cГл.ред.Чичагов В.П.
260 _aмосква
260 _c2018г.
300 _a108 стр. 24 см.
653 _aГеоморфология. №3 июль- сентябрь 2018.
653 _aПериодика
653 _aპერიოდიკა
942 _cCR
999 _c56605
_d56605